| 000 | 01664nam a2200481 i 4500 | ||
|---|---|---|---|
| 001 | DIGHERDER0466 | ||
| 003 | NyNyDIG | ||
| 008 | 200424s2019 sp ob 000 0 spa d | ||
| 006 | m o d | ||
| 007 | cr ||||||||||| | ||
| 035 | _a(OCoLC)1099983112 | ||
| 040 |
_aDGITA _beng _erda _epn _cDGITA |
||
| 020 |
_a9788425442858 _qeBook |
||
| 020 |
_a8425442850 _qeBook |
||
| 020 | _z9788425442841 | ||
| 020 | _z8425442842 | ||
| 050 | 1 | 4 | _aB4565.T5 ebook |
| 082 | 0 | 4 | _a115 |
| 100 | 1 |
_aDuch, Luis, _eauthor. |
|
| 245 | 1 | 0 |
_aVida cotidiana y velocidad / _cLluís Duch. |
| 250 | _a1a edición digital. | ||
| 264 | 1 |
_aBarcelona : _bHerder Editorial, _c2019. |
|
| 300 | _a1 online resource. | ||
| 336 |
_atext _btxt _2rdacontent |
||
| 337 |
_acomputer _bc _2rdamedia |
||
| 338 |
_aonline resource _bcr _2rdacarrier |
||
| 347 |
_atext file _2rdaft |
||
| 347 | _bEPUB | ||
| 490 | 1 | _aPensamiento Herder | |
| 504 | _aIncludes bibliographical references. | ||
| 588 | 0 | _aOnline resource; title from ePub title page (Digitalia, viewed April 24, 2020) | |
| 650 | 0 |
_aTime _xPhilosophy. |
|
| 650 | 0 |
_aTime perception _xPhilosophy. |
|
| 650 | 0 |
_aCivilization, Modern _y21st century _xPhilosophy. |
|
| 655 | 0 | _aElectronic books. | |
| 791 | 2 |
_aDigitalia (Firm), _edistributor. |
|
| 793 | 0 |
_gDigitalia eBook Collection: _aHerder Editorial |
|
| 776 | 0 | 8 |
_iPrint version: _aDuch, Luis. _tVida cotidiana y velocidad. _dBarcelona : Herder Editorial, 2019 _z9788425442841 _w(OCoLC)1107432565 |
| 830 | 0 | _aPensamiento Herder. | |
| 856 | 4 | 0 |
_3Digitalia Hispánica _uhttps://www.digitaliapublishing.com/a/61487/ |
| 910 | _aPremium Collection: 2020 | ||
| 942 | _cRAA | ||
| 999 |
_c257730 _d257730 |
||